000 00531nam a22001697a 4500
005 20251108164053.0
008 250721s1999 xx 000 0 ara d
082 1 4 _aق/صما
100 1 _aالصمادي، عامر
245 1 0 _aالفتى :
_bقصص مترجمة من الأدب العالمي الحديث /
264 1 _aعمان :
_bدار العامر للترجمة،
_c1999.
300 _a108ص.
650 1 7 _aالأدب المترجم
650 1 7 _aالقصص الإنجليزية
942 _2ddc
_cBK
999 _c2862
_d2862